APUSH General Knowledge Quiz #1 - Statistics

General Stats
  • This quiz has been taken 1,700 times
  • The average score is 11 of 15
Answer Stats
Question Answer % Correct
What political party was Woodrow Wilson a member of? Democratic Party
90%
What year did the Civil War end? 1865
86%
What was the first permanent English settlement in the Americas? Jamestown
86%
What laws restricted the rights of African Americans after the Civil War? Jim Crow laws
83%
In what state did the Battle of Gettysburg occur in? Pennsylvania
82%
"The only thing we have to fear is ____ ______" Fear itself
81%
Who wrote the majority (51) of the Federalist Papers? Alexander Hamilton
80%
Between 1492 and 1600, what percent of the Native American population died? 90-95%
78%
Name one of the three Reconstruction amendments 13th, 14th, 15th
76%
What president took a "Laissez-faire" approach to the Great Depression? Herbert Hoover
76%
Name a crop that was introduced to the Americas during the Columbian Exchange Apple, Wheat, Onions, Coffee, Rice, Barley, +4 more
75%
What Pacific archipelago nation did the U.S. control from 1898-1946? The Philippines
66%
Who was Theodore Roosevelt's hand-picked presidential candidate and later opponent? William Howard Taft
54%
What treaty ended the Mexican-American War and expanded the U.S. by over 500,000 square miles? Treaty of Guadalupe-Hidalgo
52%
Where did the Rough Riders fight? Cuba
44%
No matching quizzes found
Score Distribution
Percent of People with Each Score
Percentile by Number Answered
Your Score History
You have not taken this quiz